Countries in the Umayyad Caliphate - Statistics

General Stats
  • This quiz has been taken 25 times
  • The average score is 32 of 36
Answer Stats
Hint Country % Correct
Asia Afghanistan
100%
Africa Egypt
100%
Europe France
100%
Asia India
100%
Asia Iran
100%
Asia Iraq
100%
Europe Portugal
100%
Europe Spain
100%
Africa Algeria
94%
Asia Armenia
94%
Asia Azerbaijan
94%
Asia Bahrain
94%
Asia Georgia
94%
Asia Kuwait
94%
Africa Libya
94%
Africa Morocco
94%
Asia Oman
94%
Asia Pakistan
94%
Asia Qatar
94%
Asia Saudi Arabia
94%
Asia Syria
94%
Asia Tajikistan
94%
Africa Tunisia
94%
Asia Turkey
94%
Asia United Arab Emirates
94%
Asia Yemen
94%
Europe Andorra
88%
Asia Jordan
88%
Asia Lebanon
88%
Asia Turkmenistan
88%
Asia Cyprus
82%
Asia Israel
82%
Asia Uzbekistan
82%
Africa Mauritania
65%
Asia Palestine
59%
Asia Kyrgystan
0%
No matching quizzes found
Score Distribution
Percent of People with Each Score
Percentile by Number Answered
Your Score History
You have not taken this quiz